Т. 2: Основы сейсморазведки; Избранные труды

書誌詳細
Parent link:Избранные труды: В 3 т./ Г. А. Гамбурцев. Т. 2: Основы сейсморазведки.— , 2003-.— 5-02-032716-6
言語:ロシア語
出版事項: 2003
主題:
フォーマット: 図書
KOHA link:https://koha.lib.tpu.ru/cgi-bin/koha/opac-detail.pl?biblionumber=58661

MARC

LEADER 00000nam2a2200000 4500
001 58661
005 20231031055206.0
010 |a 5020326852 
035 |a (RuTPU)RU\TPU\book\61958 
090 |a 58661 
100 |a 20031204d2003 k y0rusy50 ca 
101 0 |a rus 
102 |a RU 
105 |a aс z 001zy 
200 0 |a Т. 2: Основы сейсморазведки 
210 |d 2003 
215 |a 439 с.  |c ил., портр. 
320 |a Библиогр. в конце глав 
461 1 |0 (RuTPU)RU\TPU\book\62840  |y 5-02-032716-6  |t Избранные труды   |o В 3 т.  |f Г. А. Гамбурцев  |v Т. 2: Основы сейсморазведки  |d 2003- 
610 1 |a геофизика 
610 1 |a сейсмическая аппаратура 
610 1 |a сейсмография 
610 1 |a электромеханические аналоги 
610 1 |a усилители 
610 1 |a искажения 
610 1 |a преобразователи 
610 1 |a механические фильтры 
610 1 |a фильтросейсмографы 
610 1 |a сейсмозаписывающая аппаратура 
610 1 |a сейсмическая разведка 
610 1 |a наблюдения 
610 1 |a интерпретация 
675 |a 550.3  |v 3 
801 1 |a RU  |b 63413507  |c 20031204  |g PSBO 
801 2 |a RU  |b 63413507  |c 20031229  |g PSBO 
942 |c BK